[Event "Icelandic Team-ch Premier 2021-22"]
[Site "Reykjavik"]
[Date "2022.03.05"]
[Round "8.18"]
[White "Jensson, Einar Hjalti"]
[Black "Steingrimsson, Hedinn"]
[Result "0-1"]
[WhiteElo "2326"]
[BlackElo "2535"]
[Annotator "ChessBase"]
[PlyCount "84"]
[EventDate "2022.03.05"]
[EventType "team-tourn"]
[EventCountry "ISL"]
[SourceTitle "playchess.com"]
[Source "ChessBase"]
[SourceQuality "1"]
[TimeControl "5400+30"]

1. d4 {[%emt 0:00:03]} Nf6 {[%emt 0:00:07]} 2. c4 {[%emt 0:00:09]} e6 {[%emt 0:00:14]} 3. Nf3 {[%emt 0:00:04]} b6 {[%emt 0:02:10]} 4. g3 {[%emt 0:00:33]} Ba6 {[%emt 0:00:11]} 5. b3 {[%emt 0:00:05]} Bb4+ {[%emt 0:01:13]} 6. Bd2 {[%emt 0:00:05]} Be7 {[%emt 0:00:04]} 7. Bg2 {[%emt 0:00:08]} c6 {[%emt 0:00:56]} 8. Bc3 {[%emt 0:00:12]} d5 {[%emt 0:17:15]} 9. Nbd2 {[%emt 0:01:45]} Nbd7 {[%emt 0:05:00]} 10. O-O {[%emt 0:03:04]} Rc8 {[%emt 0:07:21]} 11. Bb2 {[%emt 0:02:54]} O-O {[%emt 0:04:18]} 12. Rc1 {[%emt 0:00:39]} c5 {[%emt 0:04:54]} 13. Re1 {[%emt 0:03:17]} b5 {[%emt 0:09:14]} 14. cxd5 {[%emt 0:49:05]} Nxd5 {[%emt 0:00:12]} 15. a3 {[%emt 0:02:24]} b4 {[%emt 0:01:52]} 16. axb4 {[%emt 0:02:13]} cxb4 {[%emt 0:12:43]} 17. Rxc8 {[%emt 0:01:33]} Qxc8 {[%emt 0:01:34]} 18. Qa1 {[%emt 0:01:43]} Qb7 {[%emt 0:01:57]} 19. Nc4 {[%emt 0:05:12]} Rc8 {[%emt 0:02:09]} 20. Nfd2 {[%emt 0:02:25]} N7b6 {[%emt 0:07:54]} 21. Rc1 {[%emt 0:02:49]} Bb5 {[%emt 0:01:27]} 22. Qa5 {[%emt 0:01:27]} Bc6 {[%emt 0:03:08]} 23. Ne5 {[%emt 0:01:42]} Be8 {[%emt 0:00:49]} 24. Nec4 {[%emt 0:02:55]} Bc6 {[%emt 0:02:29]} 25. Ne5 {[%emt 0:02:10]} Be8 {[%emt 0:00:03]} 26. Nec4 {[%emt 0:00:26]} h6 {[%emt 0:03:09]} 27. e4 {[%emt 0:01:59]} Nc7 {[%emt 0:02:32]} 28. e5 {[%emt 0:05:48]} Nbd5 {[%emt 0:01:02]} 29. Ne4 {[%emt 0:03:55]} Nb5 {[%emt 0:00:08]} 30. Ra1 {[%emt 0:01:26]} Bc6 {[%emt 0:00:41]} 31. Qa6 {[%emt 0:02:00]} Qd7 {[%emt 0:00:39]} 32. Ned6 {[%emt 0:01:49]} Bxd6 {[%emt 0:01:17]} 33. Nxd6 {[%emt 0:00:23]} Nxd6 {[%emt 0:03:55]} 34. exd6 {[%emt 0:00:01]} Nc3 {[%emt 0:00:27]} 35. Qxa7 {[%emt 0:00:30]} Qxd6 {[%emt 0:00:57]} 36. Qa6 {[%emt 0:00:13]} Qd7 {[%emt 0:00:13]} 37. Rc1 {[%emt 0:01:15]} Bb5 {[%emt 0:00:37]} 38. Qa1 {[%emt 0:00:21]} Ne2+ {[%emt 0:00:06]} 39. Kh1 {[%emt 0:00:04]} Nxc1 {[%emt 0:00:02]} 40. Bxc1 {[%emt 0:00:06]} Bc6 {[%emt 0:00:14]} 41. Qb2 {[%emt 0:00:40]} Bxg2+ {[%emt 0:00:04]} 42. Kxg2 {[%emt 0:00:04]} Qc6+ {[%emt 0:00:03]} 0-1

[Event "Icelandic Team-ch Premier 2021-22"]
[Site "Reykjavik"]
[Date "2022.03.05"]
[Round "8.19"]
[White "Ris, Robert"]
[Black "Bergsson, Snorri"]
[Result "1-0"]
[WhiteElo "2468"]
[BlackElo "2230"]
[Annotator "ChessBase"]
[PlyCount "64"]
[EventDate "2022.03.05"]
[EventType "team-tourn"]
[EventCountry "ISL"]
[SourceTitle "playchess.com"]
[Source "ChessBase"]
[SourceQuality "1"]
[TimeControl "5400+30"]

1. e4 {[%emt 0:00:09]} e6 {[%emt 0:00:05]} 2. d4 {[%emt 0:00:13]} d5 {[%emt 0:00:04]} 3. e5 {[%emt 0:00:24]} c5 {[%emt 0:00:04]} 4. c3 {[%emt 0:00:05]} Nc6 {[%emt 0:00:05]} 5. Nf3 {[%emt 0:00:13]} Nge7 {[%emt 0:00:06]} 6. Bd3 {[%emt 0:08:01]} cxd4 {[%emt 0:01:22]} 7. cxd4 {[%emt 0:00:18]} Nf5 {[%emt 0:00:16]} 8. Bxf5 {[%emt 0:01:38]} exf5 {[%emt 0:00:04]} 9. Nc3 {[%emt 0:01:36]} Be6 {[%emt 0:01:43]} 10. Ne2 {[%emt 0:02:16]} Be7 {[%emt 0:02:48]} 11. h4 {[%emt 0:02:44]} h6 {[%emt 0:00:28]} 12. h5 {[%emt 0:08:58]} Qb6 {[%emt 0:03:33]} 13. a3 {[%emt 0:03:31]} Rc8 {[%emt 0:00:59]} 14. Nf4 {[%emt 0:18:37]} Qb5 {[%emt 0:10:05]} 15. Rh3 {[%emt 0:08:13]} Kd7 {[%emt 0:12:10]} 16. Bd2 {[%emt 0:12:40]} a5 {[%emt 0:16:58]} 17. Rg3 {[%emt 0:03:20]} Rhg8 {[%emt 0:00:22]} 18. Rb1 {[%emt 0:04:46]} Nd8 {[%emt 0:14:37]} 19. Ng1 {[%emt 0:04:35]} Bg5 {[%emt 0:08:08]} 20. Nge2 {[%emt 0:02:31]} g6 {[%emt 0:08:45]} 21. b4 {[%emt 0:03:14]} Bxf4 {[%emt 0:03:20]} 22. Nxf4 {[%emt 0:01:49]} g5 {[%emt 0:01:00]} 23. bxa5 {[%emt 0:00:54]} Qc4 {[%emt 0:00:40]} 24. Ne2 {[%emt 0:02:05]} Qc2 {[%emt 0:02:37]} 25. Rgb3 {[%emt 0:02:00]} Qxd1+ {[%emt 0:00:16]} 26. Kxd1 {[%emt 0:00:12]} f4 {[%emt 0:00:28]} 27. Nc3 {[%emt 0:02:10]} Rc6 {[%emt 0:05:41]} 28. Na4 {[%emt 0:01:12]} Kc7 {[%emt 0:01:37]} 29. Nc5 {[%emt 0:00:56]} Bc8 {[%emt 0:02:31]} 30. a6 {[%emt 0:00:49]} Rxa6 {[%emt 0:00:17]} 31. Nxa6+ {[%emt 0:00:17]} bxa6 {[%emt 0:00:02]} 32. Ba5+ {[%emt 0:01:24]} Kd7 {[%emt 0:00:09]} 1-0

[Event "Icelandic Team-ch Premier 2021-22"]
[Site "Reykjavik"]
[Date "2022.03.05"]
[Round "8.20"]
[White "Einarsson, Halldor Gretar"]
[Black "Ragnarsson, Dagur"]
[Result "1-0"]
[WhiteElo "2207"]
[BlackElo "2351"]
[Annotator "NA"]
[PlyCount "57"]
[EventDate "2022.03.05"]
[EventType "team-tourn"]
[EventCountry "ISL"]
[SourceTitle "playchess.com"]
[Source "ChessBase"]
[SourceQuality "1"]
[TimeControl "5400+30"]

1. d4 {[%emt 0:00:04]} Nf6 {[%emt 0:00:07]} 2. c4 {[%emt 0:00:09]} g6 {[%emt 0:00:06]} 3. f3 {[%emt 0:00:09]} c5 {[%emt 0:00:05]} 4. d5 {[%emt 0:01:25]} d6 {[%emt 0:00:30]} 5. Nc3 {[%emt 0:01:35]} Bg7 {[%emt 0:00:55]} 6. e4 {[%emt 0:00:26]} O-O {[%emt 0:00:14]} 7. Nge2 {[%emt 0:01:25]} e6 {[%emt 0:00:07]} 8. Ng3 {[%emt 0:00:35]} exd5 {[%emt 0:00:07]} 9. cxd5 {[%emt 0:00:16]} a6 {[%emt 0:00:06]} 10. a4 {[%emt 0:00:32]} Nbd7 {[%emt 0:00:04]} 11. Be2 {[%emt 0:00:36]} Ne8 {[%emt 0:00:47]} 12. Be3 {[%emt 0:03:46]} Rb8 {[%emt 0:06:37]} 13. Qd2 {[%emt 0:10:19]} Nc7 {[%emt 0:10:17]} 14. Bh6 {[%emt 0:01:30]} b5 {[%emt 0:01:34]} 15. Bxg7 {[%emt 0:02:46]} Kxg7 {[%emt 0:02:17]} 16. axb5 {[%emt 0:00:25]} axb5 {[%emt 0:00:19]} 17. O-O {[%emt 0:06:34]} c4 {[%emt 0:12:34]} 18. f4 {[%emt 0:01:05]} Nc5 {[%emt 0:02:15]} 19. Bd1 {[%emt 0:07:56]} Ba6 {[%emt 0:15:53]} 20. Qd4+ {[%emt 0:02:38]} f6 {[%emt 0:04:43]} 21. e5 {[%emt 0:02:15]} Nd3 {[%emt 0:03:31]} 22. exd6 {[%emt 0:15:29]} Qxd6 {[%emt 0:00:13]} 23. Nge4 {[%emt 0:00:19]} Qb6 {[%emt 0:11:52]} 24. Qxb6 {[%emt 0:00:08]} Rxb6 {[%emt 0:00:04]} 25. d6 {[%emt 0:00:44]} f5 {[%emt 0:00:10]} 26. dxc7 {[%emt 0:02:14]} fxe4 {[%emt 0:00:05]} 27. f5 {[%emt 0:00:40]} Bb7 {[%emt 0:17:24]} 28. Ra7 {[%emt 0:03:40]} Ne5 {[%emt 0:07:16]} 29. Nd5 {[%emt 0:01:21]} 1-0

[Event "Icelandic Team-ch Premier 2021-22"]
[Site "Reykjavik"]
[Date "2022.03.05"]
[Round "8.21"]
[White "Bjornsson, Sigurbjorn"]
[Black "Ornolfsson, Magnus P."]
[Result "1-0"]
[WhiteElo "2315"]
[BlackElo "2163"]
[Annotator "NA"]
[PlyCount "83"]
[EventDate "2022.03.05"]
[EventType "team-tourn"]
[EventCountry "ISL"]
[SourceTitle "playchess.com"]
[Source "ChessBase"]
[SourceQuality "1"]
[TimeControl "5400+30"]

1. e4 {[%emt 0:00:03]} e5 {[%emt 0:00:30]} 2. Nf3 {[%emt 0:00:05]} Nc6 {[%emt 0:00:05]} 3. d4 {[%emt 0:00:10]} exd4 {[%emt 0:00:13]} 4. Nxd4 {[%emt 0:00:05]} Bc5 {[%emt 0:00:20]} 5. Nxc6 {[%emt 0:00:07]} Qf6 {[%emt 0:05:00]} 6. Qf3 {[%emt 0:00:09]} dxc6 {[%emt 0:02:21]} 7. Nc3 {[%emt 0:16:17]} Be6 {[%emt 0:13:01]} 8. Be3 {[%emt 0:02:09]} Qxf3 {[%emt 0:02:53]} 9. gxf3 {[%emt 0:00:17]} Bxe3 {[%emt 0:00:22]} 10. fxe3 {[%emt 0:00:07]} O-O-O {[%emt 0:02:37]} 11. Rg1 {[%emt 0:01:28]} g6 {[%emt 0:00:28]} 12. Bd3 {[%emt 0:03:19]} Ne7 {[%emt 0:02:07]} 13. Ne2 {[%emt 0:01:17]} f6 {[%emt 0:05:53]} 14. O-O-O {[%emt 0:07:27]} c5 {[%emt 0:01:44]} 15. Nf4 {[%emt 0:01:00]} Bf7 {[%emt 0:00:58]} 16. h4 {[%emt 0:08:12]} Nc6 {[%emt 0:05:24]} 17. a3 {[%emt 0:00:08]} Ne5 {[%emt 0:03:14]} 18. Be2 {[%emt 0:01:10]} Rxd1+ {[%emt 0:05:25]} 19. Rxd1 {[%emt 0:01:28]} Rd8 {[%emt 0:04:13]} 20. Rxd8+ {[%emt 0:13:19]} Kxd8 {[%emt 0:00:07]} 21. Kd2 {[%emt 0:00:21]} Ke7 {[%emt 0:01:15]} 22. Nh3 {[%emt 0:02:46]} Be6 {[%emt 0:03:05]} 23. Nf2 {[%emt 0:00:19]} b6 {[%emt 0:02:57]} 24. f4 {[%emt 0:11:55]} Nf7 {[%emt 0:01:07]} 25. b3 {[%emt 0:07:49]} a5 {[%emt 0:01:36]} 26. a4 {[%emt 0:02:28]} Nd6 {[%emt 0:01:31]} 27. c4 {[%emt 0:00:25]} Bd7 {[%emt 0:02:22]} 28. h5 {[%emt 0:01:23]} gxh5 {[%emt 0:04:14]} 29. Bxh5 {[%emt 0:00:08]} Be8 {[%emt 0:02:48]} 30. Bxe8 {[%emt 0:03:03]} Nxe8 {[%emt 0:00:11]} 31. Ke2 {[%emt 0:03:42]} Nd6 {[%emt 0:01:13]} 32. Kf3 {[%emt 0:00:21]} Nf7 {[%emt 0:05:26]} 33. Nd3 {[%emt 0:00:34]} Ke6 {[%emt 0:01:42]} 34. Kg4 {[%emt 0:02:00]} Nh6+ {[%emt 0:03:43]} 35. Kh4 {[%emt 0:00:47]} f5 {[%emt 0:09:48]} 36. Kh5 {[%emt 0:01:25]} Nf7 {[%emt 0:04:43]} 37. e5 {[%emt 0:00:37]} Ke7 {[%emt 0:00:25]} 38. Nf2 {[%emt 0:01:08]} Ke6 {[%emt 0:01:11]} 39. Nh3 {[%emt 0:00:27]} Nxe5 {[%emt 0:00:41]} 40. fxe5 {[%emt 0:02:54]} Kxe5 {[%emt 0:00:09]} 41. Nf2 {[%emt 0:00:26]} f4 {[%emt 0:02:11]} 42. e4 {[%emt 0:08:15]} 1-0

[Event "Icelandic Team-ch Premier 2021-22"]
[Site "Reykjavik"]
[Date "2022.03.05"]
[Round "8.22"]
[White "Hreinsson, Hlidar"]
[Black "Heimisson, Hilmir Freyr"]
[Result "0-1"]
[WhiteElo "2180"]
[BlackElo "2312"]
[Annotator "NA"]
[PlyCount "96"]
[EventDate "2022.03.05"]
[EventType "team-tourn"]
[EventCountry "ISL"]
[SourceTitle "playchess.com"]
[Source "ChessBase"]
[SourceQuality "1"]
[TimeControl "5400+30"]

1. e4 {[%emt 0:00:02]} c5 {[%emt 0:00:58]} 2. Nf3 {[%emt 0:01:10]} Nc6 {[%emt 0:00:57]} 3. Bb5 {[%emt 0:01:43]} d6 {[%emt 0:01:56]} 4. Bxc6+ {[%emt 0:03:06]} bxc6 {[%emt 0:00:10]} 5. d3 {[%emt 0:01:27]} g6 {[%emt 0:03:43]} 6. c3 {[%emt 0:01:32]} Nf6 {[%emt 0:10:10]} 7. O-O {[%emt 0:01:16]} Bg7 {[%emt 0:00:07]} 8. Re1 {[%emt 0:01:57]} O-O {[%emt 0:02:12]} 9. h3 {[%emt 0:10:22]} Rb8 {[%emt 0:01:53]} 10. Qc2 {[%emt 0:01:11]} Nd7 {[%emt 0:14:01]} 11. Bf4 {[%emt 0:06:20]} Qb6 {[%emt 0:05:16]} 12. b3 {[%emt 0:01:19]} e5 {[%emt 0:04:45]} 13. Bg3 {[%emt 0:02:46]} f5 {[%emt 0:03:19]} 14. exf5 {[%emt 0:02:27]} gxf5 {[%emt 0:04:06]} 15. Nbd2 {[%emt 0:01:08]} f4 {[%emt 0:03:04]} 16. Bh4 {[%emt 0:03:03]} d5 {[%emt 0:01:34]} 17. Rab1 {[%emt 0:11:45]} Ba6 {[%emt 0:02:45]} 18. c4 {[%emt 0:02:12]} Rbe8 {[%emt 0:01:03]} 19. Re2 {[%emt 0:05:28]} Qb8 {[%emt 0:02:17]} 20. Rbe1 {[%emt 0:01:25]} Qd6 $11 {[%emt 0:01:25]} 21. Nb1 {[%emt 0:19:22]} Bc8 {[%emt 0:04:35]} 22. Qd2 {[%emt 0:02:32]} Nb6 {[%emt 0:03:02]} 23. Qa5 {[%emt 0:01:04]} Bf5 {[%emt 0:05:35]} 24. b4 {[%emt 0:03:06]} Nd7 {[%emt 0:03:49]} 25. Rd2 {[%emt 0:06:51]} cxb4 {[%emt 0:02:45]} 26. Rc1 {[%emt 0:01:30]} d4 {[%emt 0:05:42]} 27. c5 {[%emt 0:01:21]} Qd5 {[%emt 0:00:29]} 28. Qxb4 {[%emt 0:00:37]} Rb8 {[%emt 0:00:29]} 29. Qa3 {[%emt 0:00:15]} Rfe8 {[%emt 0:02:40]} 30. Re2 {[%emt 0:00:56]} Rb5 {[%emt 0:03:51]} 31. Nbd2 {[%emt 0:02:25]} Nxc5 {[%emt 0:00:33]} 32. Qxa7 {[%emt 0:02:13]} Bxd3 {[%emt 0:02:26]} 33. Ree1 {[%emt 0:00:36]} Ne6 {[%emt 0:02:27]} 34. Ng5 {[%emt 0:00:53]} Nxg5 {[%emt 0:01:07]} 35. Bxg5 {[%emt 0:00:01]} Bg6 {[%emt 0:00:50]} 36. Nb3 {[%emt 0:01:06]} d3 {[%emt 0:00:25]} 37. Red1 {[%emt 0:00:21]} h6 {[%emt 0:00:46]} 38. Be7 {[%emt 0:00:24]} e4 {[%emt 0:01:00]} 39. Bc5 {[%emt 0:00:04]} Bh5 {[%emt 0:00:43]} 40. Rd2 {[%emt 0:00:24]} Qg5 {[%emt 0:00:44]} 41. Qd7 {[%emt 0:00:46]} Rbb8 {[%emt 0:00:39]} 42. Bd4 {[%emt 0:02:11]} Rbd8 {[%emt 0:00:28]} 43. Qxg7+ {[%emt 0:00:22]} Qxg7 {[%emt 0:00:01]} 44. Bxg7 {[%emt 0:00:06]} Kxg7 {[%emt 0:00:03]} 45. Nc5 {[%emt 0:00:43]} Bg6 {[%emt 0:00:23]} 46. Nxe4 {[%emt 0:00:58]} Rxe4 {[%emt 0:00:36]} 47. Rxc6 {[%emt 0:00:04]} Re1+ {[%emt 0:00:55]} 48. Kh2 {[%emt 0:00:01]} Rd7 {[%emt 0:00:17]} 0-1

[Event "Icelandic Team-ch Premier 2021-22"]
[Site "Reykjavik"]
[Date "2022.03.05"]
[Round "8.23"]
[White "Halldorsson, Jon Arni"]
[Black "Dadason, Gudmundur"]
[Result "1-0"]
[WhiteElo "2070"]
[BlackElo "2097"]
[Annotator "NA"]
[PlyCount "63"]
[EventDate "2022.03.05"]
[EventType "team-tourn"]
[EventCountry "ISL"]
[SourceTitle "playchess.com"]
[Source "ChessBase"]
[SourceQuality "1"]
[TimeControl "5400+30"]

1. d4 {[%emt 0:00:04]} Nf6 {[%emt 0:00:05]} 2. Nf3 {[%emt 0:00:23]} e6 {[%emt 0:00:12]} 3. c4 {[%emt 0:00:15]} d5 {[%emt 0:00:17]} 4. g3 {[%emt 0:00:21]} c6 {[%emt 0:00:39]} 5. Nbd2 {[%emt 0:00:27]} Be7 {[%emt 0:02:54]} 6. Bg2 {[%emt 0:00:23]} O-O {[%emt 0:00:08]} 7. O-O {[%emt 0:00:10]} Nbd7 {[%emt 0:00:18]} 8. b3 {[%emt 0:00:44]} Re8 {[%emt 0:00:45]} 9. Bb2 {[%emt 0:00:17]} Nf8 {[%emt 0:01:06]} 10. Qc2 {[%emt 0:00:49]} Bd7 {[%emt 0:10:36]} 11. e4 {[%emt 0:01:30]} dxe4 {[%emt 0:08:24]} 12. Ng5 {[%emt 0:05:05]} Rc8 {[%emt 0:02:58]} 13. Ndxe4 {[%emt 0:01:26]} b5 {[%emt 0:05:20]} 14. Nxf6+ {[%emt 0:06:24]} gxf6 {[%emt 0:07:03]} 15. Ne4 {[%emt 0:01:49]} f5 {[%emt 0:04:56]} 16. Nd2 {[%emt 0:01:45]} Bf6 {[%emt 0:01:18]} 17. Rad1 {[%emt 0:06:27]} c5 {[%emt 0:12:33]} 18. dxc5 {[%emt 0:13:22]} Rxc5 {[%emt 0:02:19]} 19. b4 {[%emt 0:08:58]} Rc8 {[%emt 0:05:37]} 20. c5 {[%emt 0:00:24]} Bxb2 {[%emt 0:03:22]} 21. Qxb2 {[%emt 0:00:10]} Qc7 {[%emt 0:01:08]} 22. Qf6 {[%emt 0:06:45]} Bc6 {[%emt 0:01:44]} 23. Qg5+ {[%emt 0:01:07]} Kh8 {[%emt 0:00:45]} 24. Nb3 {[%emt 0:05:43]} Bxg2 {[%emt 0:02:56]} 25. Kxg2 {[%emt 0:02:03]} Rcd8 {[%emt 0:03:01]} 26. h4 {[%emt 0:02:33]} Qc6+ {[%emt 0:10:37]} 27. f3 {[%emt 0:00:43]} Rd5 {[%emt 0:04:54]} 28. h5 {[%emt 0:09:55]} Nd7 {[%emt 0:03:51]} 29. Nd4 {[%emt 0:04:56]} f6 {[%emt 0:01:59]} 30. Qh6 {[%emt 0:02:23]} Qa6 {[%emt 0:01:03]} 31. c6 {[%emt 0:01:18]} Rxd4 {[%emt 0:02:22]} 32. cxd7 {[%emt 0:00:39]} 1-0

[Event "Icelandic Team-ch Premier 2021-22"]
[Site "Reykjavik"]
[Date "2022.03.05"]
[Round "8.24"]
[White "Briem, Stephan"]
[Black "Hauksson, Hordur Aron"]
[Result "1-0"]
[WhiteElo "2039"]
[BlackElo "1871"]
[Annotator "NA"]
[PlyCount "59"]
[EventDate "2022.03.05"]
[EventType "team-tourn"]
[EventCountry "ISL"]
[SourceTitle "playchess.com"]
[Source "ChessBase"]
[SourceQuality "1"]
[TimeControl "5400+30"]

1. d4 {[%emt 0:00:03]} d5 {[%emt 0:00:09]} 2. c4 {[%emt 0:00:20]} e6 {[%emt 0:00:06]} 3. Nc3 {[%emt 0:00:32]} Nf6 {[%emt 0:00:39]} 4. cxd5 {[%emt 0:00:09]} exd5 {[%emt 0:00:26]} 5. Bg5 {[%emt 0:00:09]} Be7 {[%emt 0:01:08]} 6. e3 {[%emt 0:00:49]} O-O {[%emt 0:02:23]} 7. Bd3 {[%emt 0:00:43]} Nbd7 {[%emt 0:14:00]} 8. Qc2 {[%emt 0:01:01]} c5 {[%emt 0:05:20]} 9. Nge2 {[%emt 0:21:26]} Re8 {[%emt 0:08:53]} 10. O-O {[%emt 0:00:30]} cxd4 {[%emt 0:16:35]} 11. Nxd4 {[%emt 0:02:40]} Ne5 {[%emt 0:08:30]} 12. Bxf6 {[%emt 0:03:10]} Bxf6 {[%emt 0:00:31]} 13. Bxh7+ {[%emt 0:00:28]} Kh8 {[%emt 0:00:06]} 14. Bf5 {[%emt 0:03:37]} Bxf5 {[%emt 0:03:56]} 15. Nxf5 {[%emt 0:05:37]} g6 {[%emt 0:03:14]} 16. Ng3 {[%emt 0:01:18]} Qc7 {[%emt 0:05:48]} 17. Qb3 {[%emt 0:01:09]} Rad8 {[%emt 0:06:33]} 18. Nxd5 {[%emt 0:01:27]} Rxd5 {[%emt 0:00:05]} 19. Qxd5 {[%emt 0:00:11]} Kg7 {[%emt 0:00:08]} 20. Rac1 {[%emt 0:01:01]} Qb8 {[%emt 0:00:05]} 21. Rfd1 {[%emt 0:03:20]} Rd8 {[%emt 0:02:01]} 22. Qb5 {[%emt 0:08:33]} Rh8 {[%emt 0:00:28]} 23. Qe2 {[%emt 0:03:57]} g5 {[%emt 0:08:28]} 24. f4 {[%emt 0:02:03]} Ng6 {[%emt 0:01:03]} 25. Nh5+ {[%emt 0:01:27]} Rxh5 {[%emt 0:00:22]} 26. Qxh5 {[%emt 0:00:09]} gxf4 {[%emt 0:00:06]} 27. exf4 {[%emt 0:01:13]} Qxf4 {[%emt 0:00:11]} 28. Rf1 {[%emt 0:01:43]} Qd4+ {[%emt 0:02:34]} 29. Kh1 {[%emt 0:00:16]} Qxb2 {[%emt 0:00:03]} 30. Qf5 {[%emt 0:00:42]} 1-0

[Event "Icelandic Team-ch Premier 2021-22"]
[Site "Reykjavik"]
[Date "2022.03.05"]
[Round "9.1"]
[White "Thybo, Jesper Sondergaard"]
[Black "Hillarp Persson, Tiger"]
[Result "1/2-1/2"]
[WhiteElo "2592"]
[BlackElo "2508"]
[Annotator "TA"]
[PlyCount "150"]
[EventDate "2022.03.05"]
[EventType "team-tourn"]
[EventCountry "ISL"]
[SourceTitle "playchess.com"]
[Source "ChessBase"]
[SourceQuality "1"]

{[%evp 9,150,30,33,18,26,18,29,35,41,32,46,33,35,24,30,20,35,29,41,48,41,5,8,14,0,12,0,0,0,-30,-25,-27,-20,-34,0,0,0,0,0,0,0,0,0,0,0,-80,0,0,0,0,0,0,0,0,0,-55,-60,-65,-72,-141,-47,-45,-44,-44,-44,-44,-52,-44,-43,-40,-48,-41,-41,-76,-42,-42,-42,-63,-63,-99,-22,-23,-21,-27,-10,-10,0,0,0,0,0,0,0,0,0,0,0,0,-4,-4,-4,-4,-4,-4,-4,-4,-4,-4,-4,-4,-4,-8,-8,-8,-8,-8,0,0,0,0,0,0,0,0,0,0,0,0,0,-55,-55,-55,-55,-55,-55,-55,-55,-55,-55,-55,-55,-69,-69]} 1. d4 e6 2. c4 f5 3. g3 Nf6 4. Bg2 d5 5. Nh3 Bd6 6. O-O {A90: Dutch Defence: Miscellaneous and Modern Stonewall (with ...Bd6).} O-O 7. Qc2 Nc6 {is the legacy move (7...c6).} 8. Rd1 {White has an edge.} Nb4 9. Qb3 a5 10. a3 a4 11. Qc3 Nc6 {[#]} 12. cxd5 $146 ({Predecessor:} 12. Bg5 Be7 13. Qc2 Ne4 14. Bxe7 Nxe7 15. Nc3 Nxc3 16. bxc3 dxc4 17. Qa2 Nd5 18. Qxc4 {0-1 (63) Stefansson,H (2530)-Bukal,V (2398) Pardubice 2017}) 12... Nxd5 13. Qc2 Qf6 14. Bg5 Qf7 (14... Nxd4 $2 15. Qd3 Nxe2+ 16. Qxe2 $18) 15. e3 h6 16. Bf4 g5 17. Bxd6 cxd6 18. Nc3 Nxc3 19. bxc3 e5 20. f4 gxf4 21. gxf4 exd4 22. exd4 Bd7 23. Rd3 Kh7 24. Qf2 Qf6 {To avoid Qh4} 25. Kh1 {[%cal Oh3g5]} Rg8 {Inhibits Ng5+.} 26. Rb1 Na5 27. Bd5 (27. Ng5+ $1 $11 Kg7 28. Nf3) 27... Rg4 ({Black should play} 27... Be6 $1 $17 {[%cal Re6d5]} 28. Bg2 Bb3) 28. Re3 $11 Re8 29. Rbe1 Rxe3 30. Rxe3 Bc6 31. Bxc6 Nxc6 32. Qa2 {Inhibits Qf7.} (32. d5 $11 Ne7 33. Re6) 32... Rg7 $1 $15 33. Qd5 {[%cal Oh3g5]} Qf7 $1 34. Qf3 (34. Qxd6 $142 Rg6 35. Qc5) 34... Ne7 (34... Qa2 $2 35. Ng5+ $1 {[%mdl 512]} Rxg5 36. fxg5 $18) (34... Na5 $1 $17 {[%cal Ra5c4] White must now prevent ...Nc4.} 35. d5 Nc4) 35. Qxb7 {[%cal Od4d5]} Qd5+ 36. Qxd5 Nxd5 {[%cal Be7d5,Bd5c3,Bc3e2][%mdl 4128] Endgame KRN-KRN} 37. Re6 Nxc3 {...Rb7 is the strong threat.} 38. Rxd6 Rb7 $1 39. d5 Rb3 40. Nf2 Rxa3 {aiming for ...Ne2.} 41. Nd3 Ne2 42. Rd7+ Kg8 43. Rd8+ Kg7 44. Rd7+ {[#]} Kf8 (44... Kf6 $1 $17 45. Rd6+ Kg7 46. Rd7+ Kf8) 45. Nc5 $11 Nxf4 {[%cal Ra3a1]} 46. h4 Rh3+ 47. Kg1 a3 48. d6 $1 {And now Rd8+ would win.} Rg3+ (48... Rxh4 $2 49. Rd8+ Kf7 50. d7 Rg4+ 51. Kf2 Rg2+ 52. Ke3 $18) 49. Kh2 Rh3+ 50. Kg1 {Strongly threatening Rd8+.} Rg3+ (50... Rxh4 $2 51. Rd8+ Kf7 52. d7 $18) (50... Rc3 $5 51. Rd8+ Kf7 $11) 51. Kh2 Rg2+ 52. Kh1 {[%cal Oc5e6] Hoping for Ne6+!} Rd2 (52... Rc2 $5 53. Rd8+ Kf7 $11) 53. Rd8+ Kf7 54. d7 $1 Ne6 55. Ra8 a2 56. Nxe6 Kxe6 ({Don't play} 56... Rxd7 $6 57. Rxa2 Kxe6 58. Kg2 $15) 57. Rxa2 Rxd7 {KR-KR} 58. Kg2 Ke5 59. Ra6 Rd6 60. Ra4 Rd4 61. Ra5+ $1 Kf4 62. Ra6 $1 h5 63. Rg6 $1 Rd2+ 64. Kh3 Ke3 65. Rg5 f4 66. Re5+ Kf3 {Threatens to win with ...Rd1.} 67. Rxh5 Rd1 {[%cal Rd1h1]} 68. Kh2 {Inhibits Rh1+.} Kg4 69. Ra5 (69. Rh8 $11) 69... Rd2+ {Black is slightly better.} 70. Kg1 Kxh4 71. Ra3 Kg4 72. Kf1 Rb2 73. Rc3 Kf5 74. Ra3 Rd2 75. Rb3 Ke5 {Weighted Error Value: White=0.07 (flawless) /Black=0.08 (flawless)} 1/2-1/2

[Event "Icelandic Team-ch Premier 2021-22"]
[Site "Reykjavik"]
[Date "2022.03.05"]
[Round "9.3"]
[White "Ris, Robert"]
[Black "Karlsson, Bjorn-Ivar"]
[Result "1-0"]
[WhiteElo "2468"]
[BlackElo "2295"]
[Annotator "ChessBase"]
[PlyCount "65"]
[EventDate "2022.03.05"]
[EventType "team-tourn"]
[EventCountry "ISL"]
[SourceTitle "playchess.com"]
[Source "ChessBase"]
[SourceQuality "1"]
[TimeControl "5400+30"]

1. e4 {[%emt 0:00:06]} c5 {[%emt 0:00:08]} 2. Nf3 {[%emt 0:00:15]} Nc6 {[%emt 0:00:17]} 3. Bb5 {[%emt 0:00:20]} g6 {[%emt 0:03:22]} 4. O-O {[%emt 0:00:17]} Bg7 {[%emt 0:00:17]} 5. d3 {[%emt 0:00:53]} Nf6 {[%emt 0:06:08]} 6. Nc3 {[%emt 0:02:00]} O-O {[%emt 0:06:03]} 7. e5 {[%emt 0:01:22]} Ng4 {[%emt 0:05:17]} 8. Bxc6 {[%emt 0:00:43]} bxc6 {[%emt 0:00:59]} 9. Bf4 {[%emt 0:04:58]} f6 {[%emt 0:01:48]} 10. exf6 {[%emt 0:04:13]} Nxf6 {[%emt 0:00:31]} 11. Qd2 {[%emt 0:01:08]} d6 {[%emt 0:02:09]} 12. Bh6 {[%emt 0:02:10]} e5 {[%emt 0:03:59]} 13. Bxg7 {[%emt 0:10:57]} Kxg7 {[%emt 0:00:44]} 14. Ng5 {[%emt 0:01:38]} Nh5 {[%emt 0:05:37]} 15. Ne2 {[%emt 0:09:28]} Nf4 {[%emt 0:16:54]} 16. Nxf4 {[%emt 0:01:38]} exf4 {[%emt 0:01:27]} 17. Qc3+ {[%emt 0:06:22]} Kg8 {[%emt 0:01:16]} 18. Nf3 {[%emt 0:09:07]} Bg4 {[%emt 0:04:11]} 19. d4 {[%emt 0:11:04]} Qf6 {[%emt 0:07:54]} 20. Rad1 {[%emt 0:05:08]} cxd4 {[%emt 0:16:08]} 21. Qxc6 {[%emt 0:02:46]} Rac8 {[%emt 0:00:53]} 22. Qd5+ {[%emt 0:01:07]} Kg7 {[%emt 0:01:15]} 23. Rd2 {[%emt 0:03:15]} Bxf3 {[%emt 0:01:15]} 24. Qxf3 {[%emt 0:00:30]} Qf5 {[%emt 0:02:03]} 25. Rxd4 {[%emt 0:04:44]} Rxc2 {[%emt 0:02:42]} 26. Rxd6 {[%emt 0:00:53]} Rb8 {[%emt 0:00:48]} 27. Rd5 {[%emt 0:01:41]} Qf6 {[%emt 0:07:26]} 28. Rd7+ {[%emt 0:01:15]} Kh8 {[%emt 0:00:16]} 29. Qh3 {[%emt 0:02:03]} h5 {[%emt 0:00:21]} 30. Rxa7 {[%emt 0:00:39]} Rd8 {[%emt 0:01:54]} 31. Qb3 {[%emt 0:04:48]} Rxb2 {[%emt 0:00:46]} 32. Qa4 {[%emt 0:04:39]} Qe6 {[%emt 0:01:05]} 33. Qxf4 {[%emt 0:01:09]} 1-0